• 首页
  • 本馆介绍
  • 公告通知
  • 最新文献
  • 馆藏检索
  • 电子资源
  • 读者导购
  • 参考咨询
  • 我的图书馆
  • 登录
  • 详细信息显示
  • 放入我的书架
  • 预约/预借图书
  • 作者相关作品
  • 分类相关作品
  • 丛书相关作品
  • 出版社相关作品

书目信息

  • 表格格式
  • 工作单格式
  • 卡片格式
题名:
钢筋混凝土工程施工及验收规范
    
 
作者: 北京市建工局 编
分册:  
出版信息: 北京   中国建筑工业出版社  1984.12
页数: 100页
开本: 20cm
丛书名:
单 册:
中图分类: T-652.6
科图分类:
主题词: 工业技术--规程 , 工业技术--标准
电子资源:
ISBN:
000 00657nam0 2200205 45
001 0312221749
005 20031222170906.4
010    @dCNY0.29
100    @a20031222d1984 km y0chiy0120 ea
101    @achi
105    @a z 000yy
200 1  @a钢筋混凝土工程施工及验收规范@AGang Jin Hun Ning Tu Gong Cheng Shi Gong Ji Yan Shou Gui Fan@f北京市建工局编@FBei Jing Shi Jian Gong Ju Bian@eGB204-83
210    @a北京@c中国建筑工业出版社@d1984.12
215    @a100页@d20cm
606 0  @a工业技术@x规程
606 0  @a工业技术@x标准
690    @aT-652.6@v3
701 0  @a北京市建工局@4编
801    @aCN@bTSTCL@c20031222
905    @a213230@dT-652.6@e52@b124230-234@f5
    
    钢筋混凝土工程施工及验收规范/北京市建工局编:GB204-83.-北京:中国建筑工业出版社,1984.12
    100页;20cm
    
    
    ISBN :CNY0.29
    
●
相关链接 在E读中查询图书 在五车中查询图书 在当当中查询图书 在豆瓣中查询图书


正题名:钢筋混凝土工程施工及验收规范     索取号:T-652.6/52         预约/预借

序号 登录号 条形码 馆藏地/架位号 状态 备注
1 0124230   000882771   第三借阅区/ [索取号:T-652.6/52] 在馆    
2 0124231   000882780   密集书库/ [索取号:T-652.6/52] 在馆    
3 0124232   000882842   密集书库/ [索取号:T-652.6/52] 在馆    
4 0124233   000882833   密集书库/ [索取号:T-652.6/52] 在馆    
5 0124234   000882824   第二样本阅览室/ [索取号:T-652.6/52] 在馆    
唐山师范学院图书馆 欢迎您!
大连网信软件有限公司© 版权所有